External debt and capital flight in Sub-Saharan Africa
Salvato in:
| Altri autori: | , |
|---|---|
| Natura: | Libro |
| Lingua: | inglese |
| Pubblicazione: |
Washington
IMF
2000
|
| Soggetti: | |
| Tags: |
Nessun Tag, puoi essere il primo ad aggiungerne!!
|
MARC
| LEADER | 00000nam$a2200000$$$4500 | ||
|---|---|---|---|
| 001 | 0003217 | ||
| 005 | 20240104132458.4 | ||
| 020 | |a 1-55775-791-7 | ||
| 041 | 0 | |a eng | |
| 044 | |a US | ||
| 245 | 1 | 0 | |a External debt and capital flight in Sub-Saharan Africa |c Editors S. Ibi Ajayi, Mohsin S. Khan |
| 264 | 1 | |a Washington |b IMF |c 2000 | |
| 300 | |a 321 s. | ||
| 610 | 2 | 0 | |a zadlženosť zahraničná |
| 610 | 2 | 0 | |a pohyb kapitálu |
| 610 | 2 | 0 | |a Nigéria |
| 610 | 2 | 0 | |a Ghana |
| 610 | 2 | 0 | |a Uganda |
| 610 | 2 | 0 | |a Tanzánia |
| 610 | 2 | 0 | |a analýza ekonometrická |
| 610 | 2 | 0 | |a rast hospodársky |
| 610 | 2 | 0 | |a údaje štatistické medzinárodné |
| 700 | 1 | |a Ajayi, S. Ibi | |
| 700 | 1 | |a Khan, Mohsin S. | |